000 00913cam a2200337u 4500
001 data
005 20260322212112.0
008 data
035 _a9472635
906 _a0
_bcbc
_cpremunv
_du
_encip
_f19
_gy-gencatlg
010 _a 73803270
035 _9(DLC) 73803270
040 _aDLC
_cCarP
_dDLC
043 _aa-ja---
050 0 0 _aHG139
_b.Z34
245 0 0 _aZaisei, Kinʼyū.
260 _c1972.
300 _a294 p.
_c20 cm.
336 _atext
_btxt
_2rdacontent
337 _aunmediated
_bn
_2rdamedia
338 _avolume
_bnc
_2rdacarrier
500 _aRomanized.
650 0 _aFinance.
650 0 _aFinance, Public.
650 0 _aFinance
_zJapan.
650 0 _aFinance, Public
_zJapan.
700 1 _aHayashi, Yoshio,
_d1916-
_eed.
830 0 _aGendai keizai,
_v4.
991 _bc-GenColl
_hHG139
_i.Z34 (Orien Japan)
_tCopy 1
_wPREM
999 _c1669
_d1669